000 00791cam a2200217 i 4500
005 20260203094323.0
008 250721s2004 ua gr 000 0 ara d
020 _a9772322285
082 1 4 _a371.3
_bز ي ت
100 1 _aزيتون، حسن حسين
_eمؤلف.
245 1 0 _aمهارات التدريس :
_cالدكتور حسن حسين زيتون.
_b رؤية في تنفيد التدريس /
250 _aالطبعة الثانية.
264 3 1 _aالقاهرة :
_bعالم الكتب،
_c2004.
300 _a581 صفحة.
490 0 _aسلسلة اصول التدريس ؛
_vرقم 3.
650 1 7 _aمهارات التدريس.
650 1 7 _aالتدريس.
830 0 _aسلسلة اصول التدريس.
942 _2ddc
_cBK
999 _c100486
_d100486